[Event "DVM U14 2022"]
[Site "Kelheim GER"]
[Date "2022.12.28"]
[Round "4"]
[White "Selter, Julian André"]
[Black "Yin, Vito"]
[Result "1/2-1/2"]
[Termination "normal"]
[Board "6.3"]
[WhiteElo "1614"]
[BlackElo "1441"]
[WhiteClock "00:16:42"]
[BlackClock "00:12:12"]
[WhiteTeam "Schachvereinigung 1920 Plettenberg e. V."]
[BlackTeam "OSG Baden-Baden"]
[PlyCount "120"]
[WhiteFideId "34608168"]
[BlackFideId "34601759"]
[EventCountry "GER"]
[EventRounds "7"]
[EventType "team-swiss"]
[EventDate "2022.12.26"]

1. e4 {[%clk 01:30:58]} {[%emt 00:00:01]} c5 {[%clk 01:29:59]} {[%emt
00:01:02]} 2. c3 {[%clk 01:31:16]} {[%emt 00:00:12]} d6 {[%clk 01:30:11]}
{[%emt 00:00:18]} 3. d4 {[%clk 01:31:39]} {[%emt 00:00:06]} cxd4 {[%clk
01:30:11]} {[%emt 00:00:30]} 4. cxd4 {[%clk 01:32:03]} {[%emt 00:00:06]} g6
{[%clk 01:30:02]} {[%emt 00:00:39]} 5. Nf3 {[%clk 01:32:21]} {[%emt 00:00:12]}
Bg7 {[%clk 01:30:05]} {[%emt 00:00:27]} 6. h3 {[%clk 01:32:37]} {[%emt
00:00:13]} Nc6 {[%clk 01:29:21]} {[%emt 00:01:15]} 7. Nc3 {[%clk 01:32:55]}
{[%emt 00:00:12]} e6 {[%clk 01:27:06]} {[%emt 00:02:45]} 8. Bc4 {[%clk
01:32:48]} {[%emt 00:00:37]} Qb6 {[%clk 01:25:32]} {[%emt 00:02:05]} 9. Bb5
{[%clk 01:29:18]} {[%emt 00:04:00]} Bd7 {[%clk 01:24:41]} {[%emt 00:01:21]} 10.
Bxc6 {[%clk 01:29:10]} {[%emt 00:00:37]} Qxc6 {[%clk 01:24:21]} {[%emt
00:00:51]} 11. O-O {[%clk 01:28:57]} {[%emt 00:00:42]} Ne7 {[%clk 01:23:53]}
{[%emt 00:00:58]} 12. Bg5 {[%clk 01:28:53]} {[%emt 00:00:34]} f6 {[%clk
01:21:54]} {[%emt 00:02:29]} 13. Bh4 {[%clk 01:28:30]} {[%emt 00:00:52]} d5
{[%clk 01:14:43]} {[%emt 00:07:42]} 14. exd5 {[%clk 01:28:35]} {[%emt
00:00:24]} Nxd5 {[%clk 01:15:02]} {[%emt 00:00:12]} 15. Rc1 {[%clk 01:24:20]}
{[%emt 00:04:45]} O-O {[%clk 01:08:41]} {[%emt 00:06:51]} 16. Ne4 {[%clk
01:18:38]} {[%emt 00:06:13]} Qb6 {[%clk 01:07:09]} {[%emt 00:02:02]} 17. Nc5
{[%clk 01:16:42]} {[%emt 00:02:26]} Rad8 {[%clk 01:01:31]} {[%emt 00:06:08]}
18. Qb3 {[%clk 01:15:07]} {[%emt 00:02:04]} Qxb3 {[%clk 01:01:05]} {[%emt
00:00:56]} 19. Nxb3 {[%clk 01:15:12]} {[%emt 00:00:25]} b6 {[%clk 00:58:02]}
{[%emt 00:03:34]} 20. Bg3 {[%clk 01:13:10]} {[%emt 00:02:31]} Rc8 {[%clk
00:57:19]} {[%emt 00:01:13]} 21. a3 {[%clk 01:07:21]} {[%emt 00:06:19]} Rfe8
{[%clk 00:53:37]} {[%emt 00:04:12]} 22. Rfe1 {[%clk 01:05:15]} {[%emt
00:02:35]} Kf7 {[%clk 00:50:30]} {[%emt 00:03:39]} 23. Nfd2 {[%clk 00:53:42]}
{[%emt 00:12:02]} Rxc1 {[%clk 00:44:20]} {[%emt 00:06:40]} 24. Rxc1 {[%clk
00:51:59]} {[%emt 00:02:13]} Bh6 {[%clk 00:42:06]} {[%emt 00:02:45]} 25. Rb1
{[%clk 00:44:38]} {[%emt 00:07:49]} Ba4 {[%clk 00:40:00]} {[%emt 00:02:37]} 26.
Kf1 {[%clk 00:43:35]} {[%emt 00:01:33]} Rc8 {[%clk 00:39:39]} {[%emt 00:00:50]}
27. Ke2 {[%clk 00:42:55]} {[%emt 00:01:10]} Nf4 {[%clk 00:37:08]} {[%emt
00:03:02]} 28. Bxf4 {[%clk 00:43:10]} {[%emt 00:00:14]} Bxf4 {[%clk 00:37:30]}
{[%emt 00:00:08]} 29. g3 {[%clk 00:39:53]} {[%emt 00:03:48]} Bh6 {[%clk
00:33:32]} {[%emt 00:04:28]} 30. Rc1 {[%clk 00:38:06]} {[%emt 00:02:16]} Bb5
{[%clk 00:31:33]} {[%emt 00:02:30]} 31. Ke1 {[%clk 00:38:10]} {[%emt 00:00:26]}
Rd8 {[%clk 00:30:33]} {[%emt 00:01:30]} 32. Rc7 {[%clk 00:38:29]} {[%emt
00:00:11]} Rd7 {[%clk 00:30:59]} {[%emt 00:00:04]} 33. Rxd7 {[%clk 00:38:27]}
{[%emt 00:00:32]} Bxd7 {[%clk 00:31:23]} {[%emt 00:00:07]} 34. Ne4 {[%clk
00:36:28]} {[%emt 00:02:28]} f5 {[%clk 00:31:08]} {[%emt 00:00:45]} 35. Nc3
{[%clk 00:35:55]} {[%emt 00:01:03]} Bc6 {[%clk 00:30:35]} {[%emt 00:01:03]} 36.
f4 {[%clk 00:34:17]} {[%emt 00:02:07]} Bf8 {[%clk 00:29:25]} {[%emt 00:01:40]}
37. Nd2 {[%clk 00:34:02]} {[%emt 00:00:45]} a5 {[%clk 00:29:38]} {[%emt
00:00:18]} 38. Nc4 {[%clk 00:33:50]} {[%emt 00:00:42]} Bg7 {[%clk 00:27:56]}
{[%emt 00:02:11]} 39. Nxb6 {[%clk 00:32:13]} {[%emt 00:02:08]} Bxd4 {[%clk
00:28:05]} {[%emt 00:00:21]} 40. Nc4 {[%clk 00:32:15]} {[%emt 00:00:27]} a4
{[%clk 00:26:53]} {[%emt 00:01:43]} 41. Na5 {[%clk 00:29:11]} {[%emt 00:03:33]}
Bd7 {[%clk 00:24:44]} {[%emt 00:02:41]} 42. Nc4 {[%clk 00:28:25]} {[%emt
00:01:15]} Kf6 {[%clk 00:23:36]} {[%emt 00:01:38]} 43. Ne2 {[%clk 00:25:30]}
{[%emt 00:03:25]} Bc5 {[%clk 00:23:12]} {[%emt 00:00:53]} 44. Ne5 {[%clk
00:25:28]} {[%emt 00:00:31]} Bb5 {[%clk 00:21:51]} {[%emt 00:01:52]} 45. Nc3
{[%clk 00:25:31]} {[%emt 00:00:28]} Be8 {[%clk 00:22:19]} {[%emt 00:00:02]} 46.
Ke2 {[%clk 00:24:22]} {[%emt 00:01:38]} Bd4 {[%clk 00:21:49]} {[%emt 00:01:01]}
47. Nf3 {[%clk 00:24:31]} {[%emt 00:00:20]} Bc5 {[%clk 00:19:22]} {[%emt
00:02:58]} 48. Ne5 {[%clk 00:22:32]} {[%emt 00:02:28]} Bd6 {[%clk 00:18:48]}
{[%emt 00:01:05]} 49. Nf3 {[%clk 00:21:31]} {[%emt 00:01:30]} e5 {[%clk
00:17:21]} {[%emt 00:01:57]} 50. fxe5 {[%clk 00:19:18]} {[%emt 00:02:43]} Bxe5
{[%clk 00:17:38]} {[%emt 00:00:14]} 51. Nxe5 {[%clk 00:18:34]} {[%emt
00:01:14]} Kxe5 {[%clk 00:18:02]} {[%emt 00:00:06]} 52. Ke3 {[%clk 00:18:58]}
{[%emt 00:00:06]} g5 {[%clk 00:17:55]} {[%emt 00:00:37]} 53. Ne2 {[%clk
00:17:49]} {[%emt 00:01:38]} Bc6 {[%clk 00:15:19]} {[%emt 00:03:07]} 54. h4
{[%clk 00:16:45]} {[%emt 00:01:34]} h6 {[%clk 00:14:50]} {[%emt 00:00:59]} 55.
hxg5 {[%clk 00:17:04]} {[%emt 00:00:11]} hxg5 {[%clk 00:15:11]} {[%emt
00:00:08]} 56. Nc1 {[%clk 00:16:51]} {[%emt 00:00:44]} f4 {[%clk 00:12:55]}
{[%emt 00:02:46]} 57. gxf4 {[%clk 00:17:03]} {[%emt 00:00:17]} gxf4 {[%clk
00:13:18]} {[%emt 00:00:08]} 58. Kf2 {[%clk 00:16:38]} {[%emt 00:00:55]} Bd5
{[%clk 00:12:53]} {[%emt 00:00:56]} 59. Nd3 {[%clk 00:16:55]} {[%emt 00:00:13]}
Kf5 {[%clk 00:12:12]} {[%emt 00:01:11]} 60. Nc5 {[%clk 00:16:42]} {[%emt
00:00:42]} Bc6 {[%emt 00:07:56]} 1/2-1/2

[Event "DVM U14 2022"]
[Site "Kelheim GER"]
[Date "2022.12.28"]
[Round "4"]
[White "Büttner, Anton"]
[Black "Schmidt, Moritz"]
[Result "1-0"]
[Termination "normal"]
[Board "6.4"]
[WhiteElo "1299"]
[BlackElo "1495"]
[WhiteClock "01:25:53"]
[BlackClock "01:23:05"]
[WhiteTeam "OSG Baden-Baden"]
[BlackTeam "Schachvereinigung 1920 Plettenberg e. V."]
[PlyCount "31"]
[WhiteFideId "16292081"]
[BlackFideId "34603549"]
[EventCountry "GER"]
[EventRounds "7"]
[EventType "team-swiss"]
[EventDate "2022.12.26"]

1. e4 {[%clk 01:30:59]} {[%emt 00:00:01]} c6 {[%clk 01:30:53]} {[%emt
00:00:06]} 2. d4 {[%clk 01:31:15]} {[%emt 00:00:15]} d5 {[%clk 01:31:16]}
{[%emt 00:00:07]} 3. exd5 {[%clk 01:31:42]} {[%emt 00:00:03]} cxd5 {[%clk
01:31:39]} {[%emt 00:00:07]} 4. Bd3 {[%clk 01:31:53]} {[%emt 00:00:19]} Nc6
{[%clk 01:31:49]} {[%emt 00:00:20]} 5. c3 {[%clk 01:32:11]} {[%emt 00:00:12]}
Nf6 {[%clk 01:30:55]} {[%emt 00:01:24]} 6. h3 {[%clk 01:32:01]} {[%emt
00:00:40]} e6 {[%clk 01:30:55]} {[%emt 00:00:30]} 7. Nf3 {[%clk 01:31:37]}
{[%emt 00:00:54]} Bd6 {[%clk 01:30:44]} {[%emt 00:00:41]} 8. O-O {[%clk
01:31:07]} {[%emt 00:01:00]} O-O {[%clk 01:30:14]} {[%emt 00:01:00]} 9. Bg5
{[%clk 01:30:31]} {[%emt 00:01:06]} h6 {[%clk 01:29:48]} {[%emt 00:00:57]} 10.
Bh4 {[%clk 01:30:56]} {[%emt 00:00:04]} Qe7 {[%clk 01:27:36]} {[%emt 00:02:42]}
11. Nh2 {[%clk 01:28:37]} {[%emt 00:02:48]} Bxh2 {[%clk 01:26:45]} {[%emt
00:01:22]} 12. Kxh2 {[%clk 01:28:48]} {[%emt 00:00:19]} Qc7 {[%clk 01:27:01]}
{[%emt 00:00:14]} 13. Kg1 {[%clk 01:28:55]} {[%emt 00:00:22]} Nd7 {[%clk
01:25:36]} {[%emt 00:01:56]} 14. Bc2 {[%clk 01:26:01]} {[%emt 00:03:24]} b5
{[%clk 01:23:34]} {[%emt 00:02:32]} 15. Qd3 {[%clk 01:25:49]} {[%emt 00:00:42]}
a6 {[%clk 01:23:05]} {[%emt 00:00:59]} 16. Qh7# {[%clk 01:25:53]} {[%emt
00:00:26]} 1-0

[Event "DVM U14 2022"]
[Site "Kelheim GER"]
[Date "2022.12.28"]
[Round "4"]
[White "Werner, Florin"]
[Black "Pimenov, Danil"]
[Result "0-1"]
[Termination "normal"]
[Board "7.1"]
[WhiteElo "1761"]
[BlackElo "1378"]
[WhiteClock "00:46:43"]
[BlackClock "00:45:49"]
[WhiteTeam "VSG 1880 Offenbach"]
[BlackTeam "SC Borussia Lichtenberg"]
[PlyCount "112"]
[WhiteFideId "16250230"]
[BlackFideId "34600248"]
[EventCountry "GER"]
[EventRounds "7"]
[EventType "team-swiss"]
[EventDate "2022.12.26"]

1. e4 {[%clk 01:30:57]} {[%emt 00:00:02]} c5 {[%clk 01:30:31]} {[%emt
00:00:30]} 2. Nf3 {[%clk 01:31:21]} {[%emt 00:00:05]} Nc6 {[%clk 01:30:18]}
{[%emt 00:00:43]} 3. d4 {[%clk 01:31:26]} {[%emt 00:00:25]} cxd4 {[%clk
01:28:34]} {[%emt 00:02:14]} 4. Nxd4 {[%clk 01:31:49]} {[%emt 00:00:08]} Nf6
{[%clk 01:29:01]} {[%emt 00:00:03]} 5. Nc3 {[%clk 01:32:10]} {[%emt 00:00:08]}
e5 {[%clk 01:28:44]} {[%emt 00:00:47]} 6. Ndb5 {[%clk 01:31:39]} {[%emt
00:01:01]} d6 {[%clk 01:27:56]} {[%emt 00:01:18]} 7. Bg5 {[%clk 01:32:02]}
{[%emt 00:00:08]} a6 {[%clk 01:28:17]} {[%emt 00:00:08]} 8. Na3 {[%clk
01:32:29]} {[%emt 00:00:03]} b5 {[%clk 01:28:39]} {[%emt 00:00:07]} 9. Nd5
{[%clk 01:32:51]} {[%emt 00:00:09]} Be7 {[%clk 01:29:04]} {[%emt 00:00:05]} 10.
Bxf6 {[%clk 01:33:17]} {[%emt 00:00:05]} Bxf6 {[%clk 01:29:25]} {[%emt
00:00:09]} 11. c3 {[%clk 01:33:37]} {[%emt 00:00:09]} O-O {[%clk 01:29:31]}
{[%emt 00:00:24]} 12. Nc2 {[%clk 01:33:59]} {[%emt 00:00:08]} Bg5 {[%clk
01:29:30]} {[%emt 00:00:32]} 13. a4 {[%clk 01:31:53]} {[%emt 00:02:35]} bxa4
{[%clk 01:29:55]} {[%emt 00:00:05]} 14. Rxa4 {[%clk 01:32:18]} a5 {[%clk
01:30:23]} {[%emt 00:00:08]} 15. Nce3 {[%clk 01:28:46]} {[%emt 00:04:01]} Kh8
{[%clk 01:28:00]} {[%emt 00:02:52]} 16. h4 {[%clk 01:16:14]} {[%emt 00:13:04]}
Bxe3 {[%clk 01:27:07]} {[%emt 00:01:22]} 17. Nxe3 {[%clk 01:16:40]} {[%emt
00:00:05]} f5 {[%clk 01:27:02]} {[%emt 00:00:35]} 18. exf5 {[%clk 01:16:59]}
{[%emt 00:00:11]} Bxf5 {[%clk 01:27:05]} {[%emt 00:00:27]} 19. Nxf5 {[%clk
01:13:14]} {[%emt 00:04:15]} Rxf5 {[%clk 01:27:22]} {[%emt 00:00:13]} 20. Bd3
{[%clk 01:13:37]} {[%emt 00:00:07]} Rf6 {[%clk 01:27:21]} {[%emt 00:00:30]} 21.
Be4 {[%clk 01:13:21]} {[%emt 00:00:46]} Qb6 {[%clk 01:26:46]} {[%emt 00:01:01]}
22. Qc2 {[%clk 01:11:15]} {[%emt 00:02:40]} Raf8 {[%clk 01:25:42]} {[%emt
00:01:34]} 23. O-O {[%clk 01:07:09]} {[%emt 00:04:36]} Ne7 {[%clk 01:25:01]}
{[%emt 00:01:11]} 24. g3 {[%clk 01:00:56]} {[%emt 00:06:44]} d5 {[%clk
01:24:07]} {[%emt 00:01:23]} 25. Bg2 {[%clk 01:01:15]} {[%emt 00:00:11]} Nf5
{[%clk 01:22:16]} {[%emt 00:02:21]} 26. Qd3 {[%clk 00:54:06]} {[%emt 00:07:39]}
e4 {[%clk 01:15:09]} {[%emt 00:07:37]} 27. Qxd5 {[%clk 00:50:16]} {[%emt
00:04:21]} Nxg3 {[%clk 01:15:09]} {[%emt 00:00:29]} 28. Qxa5 {[%clk 00:50:32]}
{[%emt 00:00:14]} Qxa5 {[%clk 01:15:15]} {[%emt 00:00:24]} 29. Rxa5 {[%clk
00:50:57]} {[%emt 00:00:05]} Nxf1 {[%clk 01:15:21]} {[%emt 00:00:24]} 30. Bxf1
{[%clk 00:51:19]} {[%emt 00:00:07]} Rxf2 {[%clk 01:14:13]} {[%emt 00:01:38]}
31. Bg2 {[%clk 00:51:35]} {[%emt 00:00:14]} e3 {[%clk 01:14:03]} {[%emt
00:00:41]} 32. Re5 {[%clk 00:51:59]} {[%emt 00:00:06]} e2 {[%clk 01:13:17]}
{[%emt 00:01:16]} 33. Kh2 {[%clk 00:52:18]} {[%emt 00:00:11]} g6 {[%clk
01:12:30]} {[%emt 00:01:17]} 34. c4 {[%clk 00:52:35]} {[%emt 00:00:13]} Kg7
{[%clk 01:12:21]} {[%emt 00:00:39]} 35. Kg3 {[%clk 00:52:33]} {[%emt 00:00:32]}
e1=Q {[%clk 01:04:58]} {[%emt 00:07:53]} 36. Rxe1 {[%clk 00:53:00]} {[%emt
00:00:03]} Rxb2 {[%clk 01:05:10]} {[%emt 00:00:17]} 37. Re7 {[%clk 00:53:27]}
{[%emt 00:00:03]} Kf6 {[%clk 01:04:54]} {[%emt 00:00:46]} 38. Rxh7 {[%clk
00:53:32]} {[%emt 00:00:26]} Ke5 {[%clk 00:57:50]} {[%emt 00:07:32]} 39. Bd5
{[%clk 00:53:10]} {[%emt 00:00:53]} Rb3 {[%clk 00:57:32]} {[%emt 00:00:48]} 40.
Kg2 {[%clk 00:52:58]} {[%emt 00:00:43]} Rc3 {[%clk 00:56:57]} {[%emt 00:01:05]}
41. Re7 {[%clk 00:52:38]} {[%emt 00:00:50]} Kd4 {[%clk 00:56:38]} {[%emt
00:00:46]} 42. Rg7 {[%clk 00:52:06]} {[%emt 00:01:05]} Rf6 {[%clk 00:54:50]}
{[%emt 00:02:17]} 43. Rf7 {[%clk 00:48:05]} {[%emt 00:04:32]} Rb6 {[%clk
00:54:59]} {[%emt 00:00:20]} 44. Rf4 {[%clk 00:47:44]} {[%emt 00:00:53]} Ke5
{[%clk 00:54:49]} {[%emt 00:00:39]} 45. Re4 {[%clk 00:48:04]} {[%emt 00:00:10]}
Kf5 {[%clk 00:55:04]} {[%emt 00:00:15]} 46. Re2 {[%clk 00:48:24]} {[%emt
00:00:11]} Rb8 {[%clk 00:52:55]} {[%emt 00:02:36]} 47. Be6 {[%clk 00:48:22]}
{[%emt 00:00:34]} Kf6 {[%clk 00:52:30]} {[%emt 00:00:55]} 48. Bd5 {[%clk
00:48:45]} {[%emt 00:00:07]} Rbb3 {[%clk 00:49:49]} {[%emt 00:03:09]} 49. Rf2
{[%clk 00:47:26]} {[%emt 00:01:51]} Ke5 {[%clk 00:49:08]} {[%emt 00:01:10]} 50.
Re2 {[%clk 00:47:43]} {[%emt 00:00:14]} Re3 {[%clk 00:48:04]} {[%emt 00:01:33]}
51. Rf2 {[%clk 00:46:58]} {[%emt 00:01:15]} Rg3 {[%clk 00:48:04]} {[%emt
00:00:31]} 52. Kf1 {[%clk 00:45:01]} {[%emt 00:02:27]} Rb1 {[%clk 00:47:35]}
{[%emt 00:00:58]} 53. Ke2 {[%clk 00:45:29]} {[%emt 00:00:03]} Rb2 {[%clk
00:46:40]} {[%emt 00:01:24]} 54. Kf1 {[%clk 00:45:54]} {[%emt 00:00:06]} Rxf2
{[%clk 00:46:14]} {[%emt 00:00:56]} 55. Kxf2 {[%clk 00:46:17]} {[%emt
00:00:08]} Rh3 {[%clk 00:45:41]} {[%emt 00:01:02]} 56. Bf7 {[%clk 00:46:43]}
{[%emt 00:00:04]} Kf6 {[%clk 00:45:49]} 0-1

[Event "DVM U14 2022"]
[Site "Kelheim GER"]
[Date "2022.12.28"]
[Round "4"]
[White "Maltsev, Mark"]
[Black "Derr, Oleg"]
[Result "1-0"]
[Termination "normal"]
[Board "7.2"]
[WhiteElo "1428"]
[BlackElo "1517"]
[WhiteClock "01:22:04"]
[BlackClock "01:25:22"]
[WhiteTeam "SC Borussia Lichtenberg"]
[BlackTeam "VSG 1880 Offenbach"]
[PlyCount "43"]
[WhiteFideId "34117806"]
[BlackFideId "34611517"]
[EventCountry "GER"]
[EventRounds "7"]
[EventType "team-swiss"]
[EventDate "2022.12.26"]

1. e4 {[%clk 01:30:59]} Nf6 {[%clk 01:30:52]} {[%emt 00:00:08]} 2. Nc3 {[%clk
01:31:20]} {[%emt 00:00:09]} e5 {[%clk 01:30:18]} {[%emt 00:01:03]} 3. Bc4
{[%clk 01:31:46]} {[%emt 00:00:05]} Bc5 {[%clk 01:30:17]} {[%emt 00:00:31]} 4.
d3 {[%clk 01:32:13]} {[%emt 00:00:04]} h6 {[%clk 01:30:05]} {[%emt 00:00:41]}
5. h3 {[%clk 01:31:05]} {[%emt 00:01:38]} O-O {[%clk 01:30:15]} {[%emt
00:00:21]} 6. f4 {[%clk 01:31:27]} {[%emt 00:00:07]} d6 {[%clk 01:28:54]}
{[%emt 00:01:52]} 7. f5 {[%clk 01:31:53]} {[%emt 00:00:04]} c6 {[%clk
01:28:55]} {[%emt 00:00:29]} 8. Qf3 {[%clk 01:29:38]} {[%emt 00:02:45]} a5
{[%clk 01:28:43]} {[%emt 00:00:43]} 9. a4 {[%clk 01:29:22]} {[%emt 00:00:45]}
Nbd7 {[%clk 01:27:50]} {[%emt 00:01:23]} 10. g4 {[%clk 01:29:16]} {[%emt
00:00:36]} Nb6 {[%clk 01:27:41]} {[%emt 00:00:39]} 11. g5 {[%clk 01:28:00]}
{[%emt 00:01:47]} hxg5 {[%clk 01:26:53]} {[%emt 00:01:18]} 12. Bxg5 {[%clk
01:28:19]} {[%emt 00:00:10]} Nxc4 {[%clk 01:25:39]} {[%emt 00:01:44]} 13. dxc4
{[%clk 01:28:44]} {[%emt 00:00:05]} Qb6 {[%clk 01:25:54]} {[%emt 00:00:15]} 14.
Bxf6 {[%clk 01:27:27]} {[%emt 00:01:47]} gxf6 {[%clk 01:26:22]} {[%emt
00:00:02]} 15. Qg4 {[%clk 01:23:11]} {[%emt 00:04:46]} Kh7 {[%clk 01:26:42]}
{[%emt 00:00:10]} 16. Qh4 {[%clk 01:22:30]} {[%emt 00:01:10]} Kg7 {[%clk
01:27:02]} {[%emt 00:00:11]} 17. Rh2 {[%clk 01:21:34]} {[%emt 00:01:25]} Rg8
{[%clk 01:26:42]} {[%emt 00:00:50]} 18. Rg2 {[%clk 01:21:55]} {[%emt 00:00:10]}
Kf8 {[%clk 01:27:09]} {[%emt 00:00:04]} 19. Qh6 {[%clk 01:22:11]} {[%emt
00:00:13]} Ke7 {[%clk 01:27:19]} {[%emt 00:00:20]} 20. Rxg8 {[%clk 01:22:03]}
{[%emt 00:00:38]} Bf2 {[%clk 01:26:00]} {[%emt 00:01:48]} 21. Kf1 {[%clk
01:22:04]} {[%emt 00:00:29]} Be6 {[%clk 01:25:22]} {[%emt 00:01:09]} 22. Rxa8
{[%emt 00:02:06]} 1-0

[Event "DVM U14 2022"]
[Site "Kelheim GER"]
[Date "2022.12.28"]
[Round "4"]
[White "Laux, Filip"]
[Black "von Malotky, Mads"]
[Result "0-1"]
[Termination "normal"]
[Board "7.3"]
[WhiteElo "1451"]
[BlackElo "1260"]
[WhiteClock "00:52:59"]
[BlackClock "01:05:03"]
[WhiteTeam "VSG 1880 Offenbach"]
[BlackTeam "SC Borussia Lichtenberg"]
[PlyCount "58"]
[WhiteFideId "16275730"]
[BlackFideId "34626476"]
[EventCountry "GER"]
[EventRounds "7"]
[EventType "team-swiss"]
[EventDate "2022.12.26"]

1. e4 {[%clk 01:30:54]} {[%emt 00:00:05]} c6 {[%clk 01:30:55]} {[%emt
00:00:06]} 2. d4 {[%clk 01:30:53]} {[%emt 00:00:30]} d5 {[%clk 01:31:20]}
{[%emt 00:00:06]} 3. Nc3 {[%clk 01:31:02]} {[%emt 00:00:20]} dxe4 {[%clk
01:31:31]} {[%emt 00:00:19]} 4. Nxe4 {[%clk 01:31:20]} {[%emt 00:00:12]} Nf6
{[%clk 01:31:51]} {[%emt 00:00:10]} 5. Nxf6 {[%clk 01:31:05]} {[%emt 00:00:45]}
exf6 {[%clk 01:32:15]} {[%emt 00:00:06]} 6. c3 {[%clk 01:30:56]} {[%emt
00:00:39]} Bd6 {[%clk 01:32:31]} {[%emt 00:00:15]} 7. Nf3 {[%clk 01:30:26]}
{[%emt 00:00:59]} O-O {[%clk 01:32:46]} {[%emt 00:00:15]} 8. Be2 {[%clk
01:30:00]} {[%emt 00:00:55]} Re8 {[%clk 01:30:29]} {[%emt 00:02:49]} 9. O-O
{[%clk 01:30:00]} {[%emt 00:00:30]} Bg4 {[%clk 01:30:47]} {[%emt 00:00:11]} 10.
Be3 {[%clk 01:29:01]} {[%emt 00:01:28]} Nd7 {[%clk 01:30:35]} {[%emt 00:00:43]}
11. Re1 {[%clk 01:27:46]} {[%emt 00:01:44]} Nf8 {[%clk 01:30:47]} {[%emt
00:00:20]} 12. Qb3 {[%clk 01:22:07]} {[%emt 00:06:07]} Qc7 {[%clk 01:30:24]}
{[%emt 00:00:55]} 13. h3 {[%clk 01:22:15]} {[%emt 00:00:22]} Be6 {[%clk
01:30:40]} {[%emt 00:00:14]} 14. Bc4 {[%clk 01:20:05]} {[%emt 00:02:39]} a5
{[%clk 01:28:14]} {[%emt 00:02:57]} 15. a4 {[%clk 01:18:50]} {[%emt 00:01:43]}
Ng6 {[%clk 01:26:27]} {[%emt 00:02:18]} 16. Rad1 {[%clk 01:17:38]} {[%emt
00:01:41]} Rad8 {[%clk 01:21:55]} {[%emt 00:05:03]} 17. d5 {[%clk 01:14:23]}
{[%emt 00:03:46]} cxd5 {[%clk 01:21:33]} {[%emt 00:00:52]} 18. Bxd5 {[%clk
01:14:20]} {[%emt 00:00:33]} Bxd5 {[%clk 01:19:24]} {[%emt 00:02:39]} 19. Rxd5
{[%clk 01:13:10]} {[%emt 00:01:39]} Qc6 {[%clk 01:18:28]} {[%emt 00:01:26]} 20.
Bb6 {[%clk 01:05:12]} {[%emt 00:08:28]} Rxe1 {[%clk 01:17:54]} {[%emt
00:01:04]} 21. Nxe1 {[%clk 01:05:37]} {[%emt 00:00:04]} Bh2 {[%clk 01:18:03]}
{[%emt 00:00:22]} 22. Kxh2 {[%clk 01:04:32]} {[%emt 00:01:35]} Rxd5 {[%clk
01:17:35]} {[%emt 00:00:58]} 23. Be3 {[%clk 01:03:30]} {[%emt 00:01:32]} Qd6
{[%clk 01:16:06]} {[%emt 00:01:59]} 24. g3 {[%clk 01:02:12]} {[%emt 00:01:49]}
Ne5 {[%clk 01:12:38]} {[%emt 00:03:53]} 25. Bd4 {[%clk 00:59:45]} {[%emt
00:03:02]} Qc6 {[%clk 01:10:51]} {[%emt 00:02:16]} 26. Qc2 {[%clk 00:57:10]}
{[%emt 00:03:03]} Rd7 {[%clk 01:09:53]} {[%emt 00:01:28]} 27. b3 {[%clk
00:56:47]} {[%emt 00:00:56]} h6 {[%clk 01:08:47]} {[%emt 00:01:35]} 28. Qf5
{[%clk 00:54:53]} {[%emt 00:02:18]} Re7 {[%clk 01:06:28]} {[%emt 00:02:56]} 29.
Qf4 {[%clk 00:52:59]} {[%emt 00:02:15]} Ng4 {[%clk 01:05:03]} {[%emt 00:02:03]}
0-1